[Event "U20ch-RUS w"]
[Site "Cheboksary RUS"]
[Date "2006.03.08"]
[Round "7"]
[White "Chistiakova,T"]
[Black "Kovanova,B"]
[Result "1/2-1/2"]
[WhiteElo "2326"]
[BlackElo "2341"]
[EventDate "2006.03.02"]

1. d4 Nf6 2. Nf3 d5 3. Bf4 c6 4. e3 Bf5 5. c4 e6 6. Nc3 Nbd7 7. h3 h6 8.
Qb3 Qb6 9. c5 Qxb3 10. axb3 a6 11. b4 Rc8 12. Nd2 Be7 13. Nb3 Bd8 14. Bd6
Bc7 15. Bxc7 Rxc7 16. b5 Nb8 17. bxa6 Nxa6 18. Bxa6 bxa6 19. Rxa6 O-O 20.
Na5 Rfc8 21. Kd2 Nd7 22. b4 Nb8 23. Ra8 Nd7 24. Rxc8+ Rxc8 25. b5 cxb5 26.
Nxb5 Nxc5 27. dxc5 Rxc5 28. Nd4 Rxa5 29. Nxf5 exf5 30. Rc1 Ra4 31. Rc8+ Kh7
32. Rd8 f4 33. Rxd5 Ra2+ 34. Kd3 Rxf2 35. exf4 Rxg2 36. Ke4 Rg3 37. h4 g6
38. Ke5 Kg7 39. f5 gxf5 40. Kxf5 Rg1 41. Rd6 h5 42. Rd4 Ra1 43. Rd5 Rg1 44.
Ke4 1/2-1/2

[Event "U20ch-RUS w"]
[Site "Cheboksary RUS"]
[Date "2006.03.08"]
[Round "7"]
[White "Nebolsina,V"]
[Black "Tairova,E"]
[Result "1-0"]
[WhiteElo "2269"]
[BlackElo "2294"]
[EventDate "2006.03.02"]

1. d4 d5 2. Nf3 Nf6 3. c4 c6 4. Nc3 dxc4 5. a4 Bf5 6. e3 e6 7. Bxc4 Bb4 8.
O-O Nbd7 9. Qe2 Bg6 10. Rd1 O-O 11. Ne5 Nxe5 12. dxe5 Nd7 13. Na2 Be7 14.
e4 Qc7 15. f4 Nb6 16. Bb3 Bc5+ 17. Kh1 h6 18. Qc2 Be7 19. Nc3 Rac8 20. Be3
Rfd8 21. Qf2 Rxd1+ 22. Rxd1 Rd8 23. f5 Rxd1+ 24. Nxd1 exf5 25. exf5 Bh5 26.
Qg3 Kh8 27. Nc3 Bf8 28. Qf4 f6 29. Bxb6 axb6 30. Qc4 1-0

[Event "U20ch-RUS w"]
[Site "Cheboksary RUS"]
[Date "2006.03.08"]
[Round "7"]
[White "Tomilova,E"]
[Black "Gunina,V"]
[Result "0-1"]
[WhiteElo "2273"]
[BlackElo "2336"]
[EventDate "2006.03.02"]

1. e4 c5 2. Nf3 d6 3. d4 cxd4 4. Nxd4 Nf6 5. Nc3 a6 6. Be3 e5 7. Nf3 Qc7 8.
a4 Be6 9. Be2 Be7 10. O-O O-O 11. Nd5 Nxd5 12. exd5 Bg4 13. Nd2 Bxe2 14.
Qxe2 Nd7 15. Nb3 f5 16. f4 Rac8 17. Rac1 Qc4 18. Qd2 Qxa4 19. Na5 Nf6 20.
Nxb7 Qb5 21. Na5 Ne4 22. Qe1 exf4 23. c4 Qxb2 24. Rxf4 Bf6 25. Nc6 Rce8 26.
Rxf5 g6 27. Rf1 Bc3 28. Qh4 Bf6 29. Qh3 Ng5 30. Qg3 Ne4 31. Qh3 Nd2 32.
Rfe1 Bc3 33. Bh6 Bd4+ 34. Kh1 Ne4 35. Qh4 Nf2+ 36. Kg1 Nd1+ 37. Nxd4 Qxd4+
0-1

[Event "U20ch-RUS w"]
[Site "Cheboksary RUS"]
[Date "2006.03.08"]
[Round "7"]
[White "Guseva,M"]
[Black "Sukhareva,E"]
[Result "1-0"]
[WhiteElo "2349"]
[BlackElo "2248"]
[EventDate "2006.03.02"]

1. e4 d6 2. d4 g6 3. c4 Bg7 4. Nc3 Nf6 5. Bd3 O-O 6. Nge2 e5 7. d5 Ne8 8.
O-O f5 9. exf5 gxf5 10. f4 e4 11. Bc2 Nf6 12. Be3 c5 13. dxc6 bxc6 14. h3
Qe7 15. b4 Rd8 16. Rb1 Kh8 17. Qe1 c5 18. bxc5 dxc5 19. Qf2 Na6 20. Ba4 Qc7
21. a3 Be6 22. Bb5 Nb8 23. Bxc5 Qf7 24. Rfd1 Rc8 25. Nd5 Nxd5 26. cxd5 Bxd5
27. Bd4 Be6 28. Bxg7+ Kxg7 29. Nd4 Bd7 30. Bxd7 Nxd7 31. Nxf5+ Qxf5 32. Rb7
Rd8 33. Qd4+ Kf8 34. Rxd7 Rxd7 35. Qxd7 Qxd7 36. Rxd7 Rb8 37. Rxh7 Rb2 38.
Rh5 e3 39. Re5 Rb3 40. a4 Rb4 41. a5 Rxf4 42. Rxe3 Ra4 43. Re5 Kf7 44. Kf2
Kf6 45. Rh5 Ra3 46. Rh6+ Kg5 47. Ra6 Kf4 48. Rxa7 Ra2+ 49. Kg1 Kg3 50. Rg7+
Kf4 51. Rf7+ Kg3 52. Rf3+ Kh4 53. Rb3 Rxa5 54. Rb4+ Kh5 55. Kh2 Ra3 56.
Rb5+ Kh6 57. h4 Rc3 58. g3 Rc6 59. Kh3 Rg6 60. h5 Rc6 61. Kh4 Rc1 62. Rb6+
Kg7 63. g4 1-0

[Event "U20ch-RUS w"]
[Site "Cheboksary RUS"]
[Date "2006.03.09"]
[Round "8"]
[White "Kovanova,B"]
[Black "Burtasova,A"]
[Result "1-0"]
[WhiteElo "2341"]
[BlackElo "2274"]
[EventDate "2006.03.02"]

1. e4 c5 2. Nf3 e6 3. d4 cxd4 4. Nxd4 a6 5. Bd3 g6 6. O-O Bg7 7. Be3 Ne7 8.
Nc3 Nbc6 9. Be2 O-O 10. Nxc6 Nxc6 11. Na4 b5 12. Nb6 Rb8 13. Nxc8 Rxc8 14.
c3 d5 15. exd5 exd5 16. Bc5 Re8 17. Bg4 f5 18. Bf3 d4 19. Bxc6 Rxc6 20.
cxd4 Qd5 21. Qb3 Rd8 22. Rfd1 Qxb3 23. axb3 Rd5 24. b4 Bxd4 25. Rd2 Bxc5
26. Rxd5 Bxb4 27. Rd7 Rc2 28. g3 a5 29. b3 Bc3 30. Rad1 b4 31. Ra7 Bd2 32.
Rd7 Bg5 33. R1d5 Bf6 34. Rxa5 Rc8 35. h4 f4 36. gxf4 Rf8 37. h5 Bc3 38.
hxg6 hxg6 39. Ra6 Rxf4 40. Rxg6+ Kf8 41. Ra6 Ke8 42. Rb7 Bf6 43. Ra8+ Bd8
44. Rbb8 1-0

[Event "U20ch-RUS w"]
[Site "Cheboksary RUS"]
[Date "2006.03.09"]
[Round "8"]
[White "Gunina,V"]
[Black "Chistiakova,T"]
[Result "1-0"]
[WhiteElo "2336"]
[BlackElo "2326"]
[EventDate "2006.03.02"]

1. d4 d5 2. c4 dxc4 3. e3 a6 4. Bxc4 e6 5. Nf3 b5 6. Bb3 Bb7 7. O-O Nf6 8.
a4 Nbd7 9. Qe2 c5 10. axb5 axb5 11. Rxa8 Qxa8 12. Nc3 b4 13. Nb5 Qb8 14.
Ne5 Nxe5 15. dxe5 Qxe5 16. Ba4 Bc6 17. Rd1 Be7 18. Nd6+ Bxd6 19. Bxc6+ Ke7
20. f4 Qf5 21. e4 Qg4 22. Qxg4 Nxg4 23. e5 Nxe5 24. fxe5 Bxe5 25. Bg5+ f6
26. Rd7+ Ke8 27. Be3 f5 28. Bxc5 g5 29. Rd5+ 1-0

[Event "U20ch-RUS w"]
[Site "Cheboksary RUS"]
[Date "2006.03.09"]
[Round "8"]
[White "Tairova,E"]
[Black "Tomilova,E"]
[Result "1-0"]
[WhiteElo "2294"]
[BlackElo "2273"]
[EventDate "2006.03.02"]

1. e4 c5 2. Nf3 g6 3. c4 Nc6 4. d4 cxd4 5. Nxd4 Bg7 6. Be3 Nf6 7. Nc3 O-O
8. Be2 d6 9. Qd2 Bd7 10. O-O Nxd4 11. Bxd4 Bc6 12. Bd3 a5 13. f4 e5 14. Be3
exf4 15. Bxf4 Ng4 16. Kh1 a4 17. Rad1 Qa5 18. Be2 Ne5 19. a3 Rad8 20. Nd5
Qxd2 21. Rxd2 Bxd5 22. Rxd5 Rfe8 23. Rb5 Rd7 24. h3 h5 25. Bg3 Rc8 26. Rb4
Nc6 27. Rxa4 Bxb2 28. Rd1 Bd4 29. Bf4 Re8 30. Bf3 Kg7 31. Bc1 f6 32. Bf4 g5
33. Bh2 Kg6 34. Bg1 Bxg1 35. Kxg1 Rdd8 36. Rd5 Re7 37. Kf2 Rc7 38. Be2 Rh7
39. Bd3 Ne5 40. c5 Rhd7 41. Bb5 Nc6 42. Rad4 Nxd4 43. Bxd7 Rxd7 44. Rxd4
Kf7 45. cxd6 Ke6 46. Rb4 Kxd6 47. Rb6+ Ke5 48. Ke3 h4 49. a4 Rc7 50. Rb5+
Ke6 51. a5 Rc2 52. Rb6+ Ke5 53. Rb5+ Kd6 54. Rxb7 Rxg2 55. Rb6+ Ke5 56.
Rb5+ Ke6 57. Kd4 Rd2+ 58. Kc4 Rc2+ 59. Kb3 Re2 60. a6 Re3+ 61. Kb4 Rxe4+
62. Ka5 Re1 63. Kb6 Ra1 64. a7 Rxa7 65. Kxa7 f5 66. Kb6 g4 67. hxg4 fxg4
68. Rh5 h3 69. Kc5 Kf6 70. Kd4 Kg6 71. Rh8 Kg5 72. Ke4 1-0

[Event "U20ch-RUS w"]
[Site "Cheboksary RUS"]
[Date "2006.03.09"]
[Round "8"]
[White "Fominykh,M"]
[Black "Nebolsina,V"]
[Result "0-1"]
[WhiteElo "2332"]
[BlackElo "2269"]
[EventDate "2006.03.02"]

1. e4 e5 2. Nf3 Nf6 3. Nxe5 d6 4. Nf3 Nxe4 5. Qe2 Qe7 6. d3 Nf6 7. Bg5 Nbd7
8. Nc3 Qxe2+ 9. Bxe2 h6 10. Bh4 g5 11. Bg3 Bg7 12. Nd2 Nc5 13. O-O-O Bd7
14. Nc4 O-O-O 15. Bxd6 cxd6 16. Nxd6+ Kc7 17. Nxf7 Rde8 18. Nxh8 Bxh8 19.
Rhe1 Ne6 20. Bf3 g4 21. Nd5+ Nxd5 22. Bxd5 Kd6 23. Be4 Ng5 24. c3 b5 25. f4
gxf3 26. gxf3 Be5 27. h4 Nh3 28. Re2 Bg3 29. c4 Bxh4 30. b4 Nf2 31. c5+ Kc7
32. Rf1 Nxe4 33. fxe4 Be6 34. Kc2 Bg3 35. Rf6 h5 36. d4 Bd5 37. e5 h4 38.
Rh6 Re7 39. e6 Bf3 40. Re3 Bd5 41. Re2 Bxa2 42. Rh5 Kc6 43. Rh6 Bc4 44. Re4
Bd5 45. Re3 Bf4 0-1

[Event "U20ch-RUS w"]
[Site "Cheboksary RUS"]
[Date "2006.03.09"]
[Round "8"]
[White "Malysheva,P"]
[Black "Sukhareva,E"]
[Result "1-0"]
[WhiteElo "2294"]
[BlackElo "2248"]
[EventDate "2006.03.02"]

1. e4 c5 2. Nf3 a6 3. c3 d6 4. d4 Nd7 5. Bd3 g6 6. O-O Bg7 7. Re1 e5 8.
Nbd2 Ngf6 9. Nc4 Qc7 10. a4 b6 11. b4 O-O 12. bxc5 bxc5 13. dxe5 dxe5 14.
a5 Bb7 15. h3 Bc6 16. Qc2 Bb5 17. Be3 Rab8 18. Nfd2 Kh8 19. f3 Ng8 20. Reb1
Bh6 21. Bxh6 Nxh6 22. Ne3 Qa7 23. Kh2 Nf6 24. Bc4 Nh5 25. Bd5 Nf4 26. c4
Bd7 27. Ndf1 Qc7 28. Qd2 Kg7 29. h4 f5 30. Rxb8 Qxb8 31. Ra2 Qd8 32. g3 Nh5
33. exf5 gxf5 34. Qc3 Re8 35. Ng2 Qf6 36. Rb2 e4 37. Qxf6+ Nxf6 38. fxe4
Nhg4+ 39. Kg1 fxe4 40. Nfe3 Ne5 41. Rb7 Kf8 42. Nf4 Nd3 43. Rb6 Ke7 44.
Rxa6 Rb8 45. Rb6 Rxb6 46. axb6 Nb4 47. Bb7 Kd6 48. Kf2 Be8 49. g4 Ke5 50.
Nfd5 Nfxd5 51. Nxd5 Kd4 52. Nxb4 e3+ 53. Ke1 cxb4 54. Bd5 b3 55. b7 Bg6 56.
b8=Q Kc3 57. Qe5+ Kc2 58. Be4+ 1-0

[Event "U20ch-RUS w"]
[Site "Cheboksary RUS"]
[Date "2006.03.10"]
[Round "9"]
[White "Guseva,M"]
[Black "Kovanova,B"]
[Result "1-0"]
[WhiteElo "2349"]
[BlackElo "2341"]
[EventDate "2006.03.02"]

1. d4 Nf6 2. c4 e6 3. Nc3 Bb4 4. e3 O-O 5. Bd3 d5 6. Nf3 c5 7. O-O Nc6 8.
a3 Bxc3 9. bxc3 dxc4 10. Bxc4 Qc7 11. Ba2 e5 12. h3 b6 13. d5 e4 14. dxc6
exf3 15. Qxf3 Be6 16. c4 Rac8 17. Bb2 Qxc6 18. Qg3 Bf5 19. Rfd1 Rfd8 20.
Rd5 Bg6 21. Qe5 Ne8 22. Rad1 Rxd5 23. cxd5 Qd7 24. e4 f6 25. d6+ c4 26. Qd4
Bf7 27. f4 Rc5 28. e5 f5 29. Rc1 Rd5 30. Qxc4 Rd1+ 31. Rxd1 Bxc4 32. Bxc4+
Kh8 33. Bb5 Qd8 34. Bxe8 Qxe8 35. d7 1-0

[Event "U20ch-RUS w"]
[Site "Cheboksary RUS"]
[Date "2006.03.10"]
[Round "9"]
[White "Burtasova,A"]
[Black "Gunina,V"]
[Result "1-0"]
[WhiteElo "2274"]
[BlackElo "2336"]
[EventDate "2006.03.02"]

1. e4 c5 2. Nf3 d6 3. Bc4 Nf6 4. e5 dxe5 5. Nxe5 e6 6. Qe2 Bd6 7. b3 a6 8.
a4 O-O 9. Bb2 Nbd7 10. f4 Nd5 11. O-O N7b6 12. Bd3 Nb4 13. Nc3 Nxd3 14.
Nxd3 c4 15. Ne5 cxb3 16. Ne4 f6 17. a5 Bc7 18. axb6 Bxb6+ 19. Kh1 fxe5 20.
fxe5 Rxf1+ 21. Rxf1 Qe7 22. Nf6+ Kh8 23. Ba3 Qxa3 24. Qh5 gxf6 25. Qe8+ Kg7
26. exf6+ Kh6 27. Qg8 Qb4 28. Qg7+ Kh5 29. f7 Bd7 30. Qe5+ Kg6 31. Rf6+ Kg7
32. Rf4+ Kf8 33. Qh8+ 1-0

[Event "U20ch-RUS w"]
[Site "Cheboksary RUS"]
[Date "2006.03.10"]
[Round "9"]
[White "Tomilova,E"]
[Black "Fominykh,M"]
[Result "1/2-1/2"]
[WhiteElo "2273"]
[BlackElo "2332"]
[EventDate "2006.03.02"]

1. e4 d5 2. exd5 Qxd5 3. Nc3 Qa5 4. d4 Nf6 5. Nf3 Bg4 6. h3 Bxf3 7. Qxf3 c6
8. Bd3 Nbd7 9. O-O e6 10. Qg3 Nh5 11. Qf3 Nhf6 12. Bd2 Qc7 13. Ne4 Nxe4 14.
Qxe4 Nf6 15. Qf3 Be7 16. Rfe1 Qb6 17. c3 Qxb2 18. Red1 Qb6 19. Rab1 Qc7 20.
c4 O-O 21. Bg5 Rad8 22. h4 Rd7 23. Bf4 Bd6 24. Bg5 Be7 25. Bf4 Bd6 26. Bg5
Be7 1/2-1/2

[Event "U20ch-RUS w"]
[Site "Cheboksary RUS"]
[Date "2006.03.11"]
[Round "10"]
[White "Kovanova,B"]
[Black "Sukhareva,E"]
[Result "1-0"]
[WhiteElo "2341"]
[BlackElo "2248"]
[EventDate "2006.03.02"]

1. e4 e5 2. Nf3 Nc6 3. Bb5 Nf6 4. O-O Nxe4 5. Re1 Nd6 6. Nxe5 Be7 7. Ba4
Nxe5 8. Rxe5 O-O 9. d4 Bf6 10. Re1 Nf5 11. c3 d5 12. Bf4 Nh4 13. Bc2 Ng6
14. Bg3 Bg5 15. Nd2 f5 16. Be5 f4 17. Qh5 Bh6 18. Bxg6 hxg6 19. Qxg6 Bf5
20. Qh5 Qd7 21. Qh4 Bg6 22. f3 Rf5 23. Qf2 Rh5 24. c4 dxc4 25. Nxc4 Bg5 26.
Qd2 Rf8 27. Rac1 b5 28. Nb6 Qe6 29. Rxc7 Bf7 30. Nd7 Rd8 31. Bf6 Qd6 32.
Bxd8 Bxd8 33. Rxa7 Be6 34. Nc5 Rxc5 35. Rxe6 Qxe6 36. dxc5 Bf6 37. Rd7 Bxb2
38. Qd5 1-0

[Event "U20ch-RUS w"]
[Site "Cheboksary RUS"]
[Date "2006.03.11"]
[Round "10"]
[White "Tairova,E"]
[Black "Burtasova,A"]
[Result "1/2-1/2"]
[WhiteElo "2294"]
[BlackElo "2274"]
[EventDate "2006.03.02"]

1. e4 c5 2. Nf3 e6 3. c4 a6 4. Nc3 Nc6 5. d4 cxd4 6. Nxd4 Qc7 7. Be2 Nf6 8.
Nxc6 dxc6 9. Be3 e5 10. O-O Be7 11. Qc2 O-O 12. Na4 Be6 13. Bb6 Qc8 14. Be3
Nd7 15. c5 Qc7 16. Bc4 Bxc4 17. Qxc4 Qa5 18. Rfd1 Rfd8 19. f3 Nf8 20. Nc3
Ne6 21. b4 Qc7 22. Ne2 a5 23. a3 Rd7 24. Rxd7 Qxd7 25. Nc3 axb4 26. Rd1 Nd4
27. axb4 Ra3 28. Bxd4 exd4 29. Rxd4 Ra1+ 30. Kf2 Qc7 31. g3 Bf6 32. Rd2 Rc1
33. Qa2 Qc8 34. e5 Bxe5 35. Ne4 h6 36. Nd6 Qh3 37. Qxf7+ Kh7 38. Qf5+ Qxf5
39. Nxf5 Rb1 40. f4 Bf6 41. Nd6 Rxb4 42. Kf3 h5 43. Ke3 Kg6 44. Rd3 Be7 45.
h3 Kf6 46. g4 hxg4 47. hxg4 Ke6 48. Kf3 b6 49. f5+ Kf6 50. Re3 Bxd6 51.
Re6+ Kf7 52. Rxd6 bxc5 53. Rxc6 Rc4 54. g5 Rc1 55. Rc7+ Kf8 56. Kg4 g6 57.
fxg6 Rg1+ 58. Kf4 Rf1+ 59. Ke3 Re1+ 60. Kf3 Rf1+ 61. Ke2 Rf5 62. g7+ Kg8
63. g6 Rf6 64. Rxc5 1/2-1/2

[Event "U20ch-RUS w"]
[Site "Cheboksary RUS"]
[Date "2006.03.11"]
[Round "10"]
[White "Gunina,V"]
[Black "Guseva,M"]
[Result "1-0"]
[WhiteElo "2336"]
[BlackElo "2349"]
[EventDate "2006.03.02"]

1. d4 e6 2. c4 f5 3. Nf3 Nf6 4. g3 c6 5. Bg2 d5 6. O-O Bd6 7. b3 Qe7 8. Bb2
O-O 9. Nbd2 b6 10. Ne5 Bb7 11. Rc1 Nbd7 12. Ndf3 Rac8 13. cxd5 exd5 14. Qd3
Ne4 15. Nxd7 Qxd7 16. Ne5 Qe6 17. f3 Ng5 18. Qd2 Qe7 19. Rfe1 c5 20. h4 Ne6
21. f4 cxd4 22. Nd3 Nc5 23. Nxc5 Bxc5 24. Bxd4 Bb4 25. Qd3 Bxe1 26. Rxe1
Qd7 27. h5 h6 28. Kh2 Qf7 29. Bf3 Rfe8 30. Rg1 Re4 31. e3 Rc7 32. g4 fxg4
33. Bxg4 Qe7 34. Kh3 Qe8 35. Kg3 Rce7 36. Kf2 Bc8 37. Bf3 Kh7 38. Bxe4+
dxe4 39. Qc3 Ba6 40. Ke1 Qxh5 41. Qc2 Bd3 42. Qg2 g6 43. Be5 Re6 44. Bc3
Rc6 45. Kd2 Qd5 46. Qg4 Ba6+ 47. Bd4 Qa5+ 48. Kd1 Qd5 49. Qh4 Re6 50. Kc2
Be2 51. Kb2 Qd7 52. Qh2 Rd6 53. Rh1 Bh5 54. f5 Rxd4 55. fxg6+ Kg8 56. exd4
Qxd4+ 57. Kb1 Bxg6 58. Qb8+ Kh7 59. Qxa7+ Kg8 60. Qb8+ Kg7 61. Qc7+ Kg8 62.
Rxh6 Qd3+ 63. Qc2 Qf1+ 64. Qc1 Qd3+ 65. Kb2 Qd4+ 66. Ka3 Qd6+ 67. b4 Qd3+
68. Kb2 Kg7 69. Rh2 Qd6 70. Qc3+ Kg8 71. Qh8+ Kf7 72. Rf2+ Ke7 73. Qf8+ 1-0

[Event "U20ch-RUS w"]
[Site "Cheboksary RUS"]
[Date "2006.03.12"]
[Round "11"]
[White "Ivakhinova,I"]
[Black "Kovanova,B"]
[Result "1/2-1/2"]
[WhiteElo "2287"]
[BlackElo "2341"]
[EventDate "2006.03.02"]

1. Nf3 Nf6 2. c4 e6 3. Nc3 b6 4. g3 Bb7 5. Bg2 Be7 6. O-O O-O 7. b3 d5 8.
cxd5 Nxd5 9. Nxd5 Bxd5 10. Bb2 c5 11. Qc2 Nd7 12. Rad1 Bf6 13. Rfe1 Bxb2
14. Qxb2 Qc7 15. d4 Qb7 16. Nh4 Bxg2 17. Nxg2 Rac8 18. Ne3 b5 19. d5 Qb6
20. Rd3 Nf6 21. dxe6 Qxe6 22. Red1 Rfe8 23. Qa3 c4 24. bxc4 bxc4 25. Rd6
Qh3 26. Qxa7 c3 27. Qd4 Ne4 28. Rd7 Nf6 29. Rd6 h5 30. Rc1 Rxe3 31. Qxe3
Ng4 32. Qf3 Qxh2+ 33. Kf1 Rc5 34. Rd8+ Kh7 35. Rd3 Ne5 36. Qe4+ f5 37.
Qxf5+ g6 38. Qe4 Nxd3 39. exd3 Qh3+ 40. Kg1 Qd7 41. d4 Rc4 42. Qd3 Rxd4 43.
Qxc3 h4 44. Qc7 hxg3 45. Qxd7+ Rxd7 46. fxg3 Rd3 47. Kg2 1/2-1/2

[Event "U20ch-RUS w"]
[Site "Cheboksary RUS"]
[Date "2006.03.12"]
[Round "11"]
[White "Guseva,M"]
[Black "Tairova,E"]
[Result "1/2-1/2"]
[WhiteElo "2349"]
[BlackElo "2294"]
[EventDate "2006.03.02"]

1. d4 d5 2. c4 c6 3. Nf3 Nf6 4. Nc3 dxc4 5. a4 Bf5 6. e3 e6 7. Bxc4 Bb4 8.
O-O Nbd7 9. Nh4 Bg6 10. Qe2 Nd5 11. Nxg6 1/2-1/2

[Event "U20ch-RUS w"]
[Site "Cheboksary RUS"]
[Date "2006.03.12"]
[Round "11"]
[White "Sukhareva,E"]
[Black "Gunina,V"]
[Result "1/2-1/2"]
[WhiteElo "2248"]
[BlackElo "2336"]
[EventDate "2006.03.02"]

1. d4 d5 2. Nf3 Nf6 3. c4 e6 4. e3 Nbd7 5. Bd3 c6 6. O-O dxc4 7. Bxc4 b5 8.
Bd3 a6 9. e4 c5 10. d5 c4 11. Bc2 Nc5 12. Re1 Ra7 13. Nd4 Rd7 14. Qe2 Bb7
15. b3 exd5 16. e5 Nfe4 17. f3 Ng5 18. Ba3 b4 19. Bxb4 Nd3 20. Bxf8 Nxe1
21. Bf5 Kxf8 22. Bxd7 Qb6 23. Qxe1 Qxd4+ 24. Kf1 Qxa1 25. bxc4 a5 26. Qxa5
Qxb1+ 27. Kf2 Qb2+ 28. Kf1 Ke7 29. Qc7 Qc1+ 30. Kf2 Qd2+ 31. Kg3 Qe1+ 32.
Kf4 Qd2+ 33. Kg3 Ne4+ 34. fxe4 Qe3+ 35. Kh4 Qh6+ 36. Kg3 Qg5+ 37. Kh3 Qh6+
38. Kg3 Qe3+ 39. Kh4 Qh6+ 40. Kg3 Qg5+ 41. Kh3 Qe3+ 42. Kh4 Qf2+ 43. Kh3
Qe3+ 44. Kh4 g5+ 45. Kh5 Kf8 46. Qd8+ Kg7 47. Qf6+ Kg8 48. e6 Qf4 49. Qxf4
gxf4 50. e7 Kg7 51. exd5 Ba6 52. c5 Bf1 53. e8=Q Rxe8 54. Bxe8 Bxg2 55. Kg4
Bxd5 56. a4 f3 57. Bb5 Kf6 58. Kg3 Ke5 59. a5 Be4 60. a6 Ba8 61. c6 Kd6 62.
Kxf3 Bxc6+ 63. Bxc6 Kxc6 64. Kf4 Kb6 65. Kf5 Kxa6 66. Kf6 Kb6 67. Kxf7 Kc6
68. Kg7 h5 69. h4 Kd7 70. Kg6 Ke8 71. Kxh5 Kf7 72. Kh6 Kg8 1/2-1/2

[Event "U20ch-RUS w"]
[Site "Cheboksary RUS"]
[Date "2006.03.12"]
[Round "11"]
[White "Tomilova,E"]
[Black "Malysheva,P"]
[Result "0-1"]
[WhiteElo "2273"]
[BlackElo "2294"]
[EventDate "2006.03.02"]

1. e4 e5 2. Nf3 Nc6 3. d4 exd4 4. Nxd4 Bc5 5. Nb3 Bb6 6. a4 a6 7. Nc3 d6 8.
Nd5 Ba7 9. Bd3 Be6 10. O-O Bxd5 11. exd5 Ne5 12. Kh1 Qh4 13. Qe2 Ne7 14. h3
O-O 15. f4 Nxd3 16. Qxd3 Rae8 17. Bd2 g6 18. Kh2 Nf5 19. Rf3 Nh6 20. g3 Qf6
21. Raf1 Qf5 22. g4 Qxd3 23. Rxd3 f5 24. g5 Nf7 25. Nd4 Re4 26. Bc3 Rc8 27.
a5 c6 28. dxc6 bxc6 29. Kg3 d5 30. Nf3 Bb8 31. Bd2 Nd8 32. h4 Ne6 33. Ng1
Nc5 34. Rc3 Bd6 35. Kf3 Ne6 36. Ne2 Bb4 37. Rd3 Nc5 38. Bxb4 Nxd3 39. Ba3
Rce8 40. cxd3 Rxe2 41. Bc5 Rd2 42. d4 Rde2 0-1